Skills for communicating with patients (Record no. 34756)

MARC details
000 -LEADER
fixed length control field 00514nam a2200169Ia 4500
020 ## - INTERNATIONAL STANDARD BOOK NUMBER
ISBN 9781846193651
050 ## - CALL MARK
Classification number R 727.3 .J66/
100 ## - STATEMENT OF RESPONSIBILITY--MAIN AUTHOR NAME
Personal name Silverman, Jonathan... [et al.].
245 #0 - TITLE STATEMENT
Title Skills for communicating with patients
250 ## - EDITION / VOLUME STATEMENT
Edition / Volume statement 3rd ed.
260 ## - PUBLICATION, DISTRIBUTION, ETC. (IMPRINT)
Year of publication 2013
300 ## - PHYSICAL DESCRIPTION
Number of Pages 305 p
650 ## - SUBJECT ADDED ENTRY--TOPICAL TERM
Topical Term Medical personnel and patient. Physician and patient. Interpersonal communication. Communication in medicine.
942 ## - ADDED ENTRY ELEMENTS (KOHA)
Koha item type Books
Holdings
Withdrawn status Lost status Source of classification or shelving scheme Damaged status Not for loan Permanent Location Current Location Shelving location Date acquired Accession Number Price effective from Koha item type
    Library of Congress Classification     Asokoro Library Asokoro Library Items on shelf 04/23/2025 0193969 04/23/2025 Books